logo

Bir Sreshtho Munshi Abdur Rouf Library
Jhenaidah Cadet College

Education and development strategy in South and Southeast Asia / (Record no. 7053)

MARC details
000 -LEADER
fixed length control field 00882cam a22002771 4500
001 - CONTROL NUMBER
JCCL Control Number 7053
003 - CONTROL NUMBER IDENTIFIER
JCCL marc code BD-JhCC
005 - DATE AND TIME OF LATEST TRANSACTION
control field 20180416101016.0
008 - FIXED-LENGTH DATA ELEMENTS--GENERAL INFORMATION
fixed length control field 711207s1965 hiuab b 000 0 eng
035 ## - SYSTEM CONTROL NUMBER
system control number (BD-JhCC)7053
035 ## - SYSTEM CONTROL NUMBER
system control number (OCoLC)179577
040 ## - CATALOGING SOURCE
Original cataloging agency DLC
Transcribing agency ODaWU
Modifying agency OCoLC
-- TNJ
-- DLC
-- (BD-JhCC)
041 ## - LANGUAGE CODE
Language code of Book eng
050 00 - LIBRARY OF CONGRESS CALL NUMBER
Classification number LA1052
Item number .S5
082 ## - DEWEY DECIMAL CLASSIFICATION NUMBER
Classification number 370.19330954
Author mark and Year HUQ 1965
100 2# - MAIN ENTRY--PERSONAL NAME
Personal name Huq, Muhammad Shamsul
Fuller form of name (Muhammad)
245 10 - TITLE STATEMENT
Title Education and development strategy in South and Southeast Asia /
Statement of responsibility, etc by Muhammad Shamsul Huq.
260 ## - PUBLICATION, DISTRIBUTION, ETC. (IMPRINT)
Place of publication, distribution, etc Honolulu,
Name of publisher, distributor, etc East-West Center Press
Date of publication, distribution, etc [1965]
300 ## - PHYSICAL DESCRIPTION
Pagination x, 286 p.
Other physical details illus., map.
Dimensions 24 cm.
504 ## - BIBLIOGRAPHY, ETC. NOTE
Bibliography, etc Bibliographical references included in "Notes" (p. 269-280)
650 #0 - SUBJECT ADDED ENTRY--TOPICAL TERM
Topical term or geographic name as entry element Education
General subdivision Economic aspects.
650 #0 - SUBJECT ADDED ENTRY--TOPICAL TERM
Topical term or geographic name as entry element Education
Geographic subdivision Asia.
650 #0 - SUBJECT ADDED ENTRY--TOPICAL TERM
Topical term or geographic name as entry element Education
Geographic subdivision Southeast Asia.
942 ## - ADDED ENTRY ELEMENTS (KOHA)
Source of classification or shelving scheme Dewey Decimal Classification
Koha item type Books
Holdings
Source of classification or shelving scheme Damaged status Not for loan Home library Current library Shelving location Date of accession Total Checkouts Full call number Barcode Date last seen Copy number Koha item type
Dewey Decimal Classification     JCC Rouf Library JCC Rouf Library General Stacks 02/04/2018   370.19330954 HUQ 1965 1021 02/04/2018 C - 1 Books

JCC Library | Contacts | JCC Home

Last Update on 23 September 2017
Copyright @ 2017-2020 JCC Rouf Library
Rouf Library, Jhenidah Cadet College (JCC), Bangladesh